[Event "BAN-ch U20"]
[Site "Dhaka"]
[Date "2019.05.19"]
[Round "5"]
[White "Nayem, Haque"]
[Black "Oyon, Nur Newaz"]
[Result "1-0"]
[WhiteElo "2106"]
[BlackElo "1626"]
[PlyCount "52"]
[EventDate "2019.05.15"]
[EventType "swiss"]
[EventRounds "8"]
[EventCountry "BAN"]
[SourceTitle "EXT 2020"]
[Source "ChessBase"]
[SourceDate "2019.10.17"]
[SourceVersion "1"]
[SourceVersionDate "2019.10.17"]
[SourceQuality "1"]

1. d4 Nf6 2. Nf3 g6 3. c4 Bg7 4. Nc3 0-0 5. e4 d6 6. Be2 Nbd7 7. Bg5 e5 8. Qd2 Re8 9. dxe5 Nxe5 10. Nxe5 dxe5 11. Qxd8 Rxd8 12. Nd5 Rd6 13. c5 Rxd5 14. exd5 Nxd5 15. 0-0 h6 16. Bd2 Bf5 17. Bc4 Rd8 18. Ba5 b6 19. cxb6 cxb6 20. Rad1 bxa5 21. Bxd5 Rb8 22. b3 Bf8 23. Rfe1 Bg7 24. h3 h5 25. Bc6 Bc8 26. Rd8+ Kh7 1-0

[Event "BAN-ch U20"]
[Site "Dhaka"]
[Date "2019.05.18"]
[Round "4"]
[White "Oyon, Nur Newaz"]
[Black "Tahmidul, Haque"]
[Result "1/2-1/2"]
[WhiteElo "1626"]
[BlackElo "1379"]
[PlyCount "104"]
[EventDate "2019.05.15"]
[EventType "swiss"]
[EventRounds "8"]
[EventCountry "BAN"]
[SourceTitle "EXT 2020"]
[Source "ChessBase"]
[SourceDate "2019.10.17"]
[SourceVersion "1"]
[SourceVersionDate "2019.10.17"]
[SourceQuality "1"]

1. e4 e5 2. Nf3 Nc6 3. Bc4 Nf6 4. d3 Bc5 5. Nc3 d6 6. Bg5 h6 7. Bh4 Na5 8. Bb3 c6 9. Ne2 Nxb3 10. axb3 g5 11. Bg3 Be6 12. d4 exd4 13. Nexd4 Nxe4 14. Qe2 Nxg3 15. hxg3 g4 16. Nxe6 gxf3 17. Nxd8+ fxe2 18. Nxb7 Bd4 19. Nxd6+ Kd7 20. Nc4 Rae8 21. c3 Bc5 22. b4 Bb6 23. Nxb6+ axb6 24. Rh4 Re5 25. f4 Re3 26. Kf2 Rhe8 27. Re1 R3e6 28. f5 Re5 29. Rd4+ Kc7 30. g4 h5 31. Rd2 hxg4 32. Rdxe2 Rxe2+ 33. Rxe2 Rxe2+ 34. Kxe2 Kd6 35. Ke3 Ke5 36. f6 Kf5 37. g3 Ke5 38. c4 Kxf6 39. Kf4 b5 40. b3 Ke6 41. Kxg4 Ke5 42. Kg5 f5 43. c5 Ke6 44. Kf4 Kf6 45. g4 fxg4 46. Kxg4 Kg6 47. Kf4 Kf6 48. Kg4 Kg6 49. Kh4 Kf6 50. Kh5 Kf5 51. Kh6 Kf6 52. Kh7 Kf7 1/2-1/2

[Event "BAN-ch U20"]
[Site "Dhaka"]
[Date "2019.05.16"]
[Round "2"]
[White "Oyon, Nur Newaz"]
[Black "Rushil, Aadheen Reza"]
[Result "1-0"]
[WhiteElo "1626"]
[BlackElo "1094"]
[PlyCount "75"]
[EventDate "2019.05.15"]
[EventType "swiss"]
[EventRounds "8"]
[EventCountry "BAN"]
[SourceTitle "EXT 2020"]
[Source "ChessBase"]
[SourceDate "2019.10.17"]
[SourceVersion "1"]
[SourceVersionDate "2019.10.17"]
[SourceQuality "1"]

1. e4 e5 2. Nf3 Nc6 3. Bc4 Bc5 4. 0-0 d6 5. h3 Nf6 6. d3 h6 7. Nc3 Na5 8. Bb3 Nxb3 9. axb3 c6 10. Be3 b6 11. Na4 Bxe3 12. fxe3 b5 13. Nc3 Qb6 14. Qd2 0-0 15. Ne2 Re8 16. Kh1 Bb7 17. Ng3 g6 18. Nxe5 Rxe5 19. Rxf6 Qd8 20. Raf1 Re7 21. Qf2 Qd7 22. Qf4 Kg7 23. Rxd6 Qc7 24. Qg4 h5 25. Nxh5+ Kh6 26. Qf4+ Kh7 27. Nf6+ Kg7 28. Ng4 Rh8 29. Qf6+ Kg8 30. Ne5 Bc8 31. Nxf7 Bf5 32. Rd8+ Qxd8 33. Nxd8 Rhh7 34. exf5 gxf5 35. Rxf5 Rhg7 36. Qf8+ Kh7 37. Rh5+ Kg6 38. Qf5# 1-0

[Event "BAN-ch U16"]
[Site "Dhaka"]
[Date "2017.05.01"]
[Round "7"]
[White "Mohammad Surat, Alam"]
[Black "Oyon, Nur Newaz"]
[Result "0-1"]
[WhiteElo "1474"]
[BlackElo "1623"]
[PlyCount "65"]
[EventDate "2017.04.25"]
[EventType "swiss"]
[EventRounds "7"]
[EventCountry "BAN"]
[SourceTitle "CBM 178 Extra"]
[Source "ChessBase"]
[SourceDate "2017.06.22"]
[SourceVersion "1"]
[SourceVersionDate "2017.06.22"]
[SourceQuality "1"]

1. Nf3 Nf6 2. d3 Nc6 3. Bg5 e5 4. e4 h6 5. Bxf6 Qxf6 6. g3 d6 7. Nbd2 Be7 8. Bg2 0-0 9. 0-0 Qe6 10. c3 f5 11. Bh3 Qf7 12. Kg2 f4 13. Bxc8 Raxc8 14. Qe2 g5 15. a3 g4 16. Ne1 f3+ 17. Nexf3 gxf3+ 18. Qxf3 Qxf3+ 19. Nxf3 Rf7 20. h4 Rcf8 21. Nd2 Nb8 22. Rad1 Nd7 23. b4 Nf6 24. f3 d5 25. Rde1 d4 26. cxd4 exd4 27. e5 Nd5 28. Re4 Ne3+ 29. Kh2 Nxf1+ 30. Nxf1 Rxf3 31. Rxd4 Rxf1 32. Rd7 h5 33. Rxc7 0-1

[Event "BAN-ch U16"]
[Site "Dhaka"]
[Date "2017.04.30"]
[Round "6"]
[White "Oyon, Nur Newaz"]
[Black "Sadnan Hasan, Dihan"]
[Result "1/2-1/2"]
[WhiteElo "1623"]
[BlackElo "1423"]
[PlyCount "92"]
[EventDate "2017.04.25"]
[EventType "swiss"]
[EventRounds "7"]
[EventCountry "BAN"]
[SourceTitle "CBM 178 Extra"]
[Source "ChessBase"]
[SourceDate "2017.06.22"]
[SourceVersion "1"]
[SourceVersionDate "2017.06.22"]
[SourceQuality "1"]

1. e4 e6 2. d4 d5 3. Nc3 Nf6 4. Bg5 Bb4 5. e5 h6 6. exf6 hxg5 7. fxg7 Rg8 8. Qh5 Qf6 9. Qh7 Qxg7 10. Qxg7 Rxg7 11. h4 Nc6 12. 0-0-0 gxh4 13. Rxh4 Ke7 14. Rh8 Rb8 15. Re1 Bxc3 16. bxc3 Bd7 17. Rxb8 Nxb8 18. Nf3 Nc6 19. c4 dxc4 20. d5 Na5 21. Nd4 Kd6 22. dxe6 Bxe6 23. g3 c5 24. Nb5+ Kc6 25. Nc3 b5 26. Bg2+ Kb6 27. Rd1 a6 28. Rd6+ Ka7 29. Ne4 Nb7 30. Rd1 Rg6 31. Nd6 Nxd6 32. Rxd6 c3 33. Rd3 Bxa2 34. Rxc3 Bc4 35. Be4 Re6 36. Bd3 Bxd3 37. Rxd3 Kb6 38. Rf3 f6 39. Kb2 b4 40. Kb3 Kb5 41. c4+ bxc3 42. Rxc3 a5 43. g4 Re4 44. f3 Rb4+ 45. Ka3 Ra4+ 46. Kb3 Rb4+ 1/2-1/2